000 00709cam6a220025300 4500
001 qce00955456
005 20190813180833.0
008 750312s1964 ilua b 000 0 eng
010 _a 63013427
035 _a(Sirsi) r68263
035 _a(QCAT)lss00762828
035 _a(UPRA)qce00955456
040 _dUPRA
050 0 _aRM170
_b.D3
082 _a615.63
100 1 _aDarrow, Daniel C.
_6A29273.1
245 1 2 _aA guide to learning fluid therapy.
260 _aSpringfield, IL :
_bC.C. Thomas,
_c[1964]
504 _aBibliography: p. 261-275.
650 0 _aFluid therapy.
_6S21216.1
650 0 _aBody fluids.
_6S10861.1
949 _aRM170
_wLC
_i-91575
_mMEDICAL
_tBOOK
_lON-SHELF
004 68263
999 _c44948
_d44948